[Event "EIWCC 2018"]
[Site "Vysoke Tatry"]
[Date "2018.04.10"]
[Round "3"]
[White "Brunello, Marina"]
[Black "Danielian, Elina"]
[Result "0-1"]
[WhiteElo "2307"]
[BlackElo "2410"]
[Annotator "TA"]
[PlyCount "202"]
[EventDate "2018.??.??"]
[EventType "swiss"]
[EventCountry "SVK"]
[SourceTitle "playchess.com"]
[Source "ChessBase"]
[SourceQuality "1"]

{[%evp 21,202,24,28,42,106,78,112,43,44,46,34,32,36,38,45,46,34,0,0,0,45,41,60,54,95,90,204,220,454,460,504,504,493,482,633,627,618,608,614,604,656,654,712,700,685,670,657,661,720,716,703,-137,-147,-175,-175,-152,-166,-207,-127,-146,0,-193,-85,-95,-78,-84,-91,-96,-99,-107,-78,-80,-49,-63,-58,-47,-55,-56,0,0,0,0,-1,-2,-2,-2,0,0,0,-8,0,-60,0,-60,0,-60,-60,-60,-60,-60,-60,-61,0,-43,0,-80,-43,-79,0,-2,0,0,0,0,0,-2,0,0,0,0,0,0,0,-9,-9,-16,-16,-60,-16,-16,-16,-60,-60,-60,-60,-60,-60,-60,-60,-60,-60,-60,-60,-94,-60,-29970,-29971,-29969,-29971,-29971,-29969,-29969,-29969,-29974,-29965,-29972,-29967,-29966,-29968,-29969,-29968,-29968,-29966,-29964,-2995,-29968,-687,-29972,-29973,-29972,0,0,0,0,0,0,0,0,0,-29979,-29980,-29980,-29981]} 1. e4 c6 2. d4 d5 3. e5 Bf5 4. Nf3 e6 5. Be2 Nd7 6. O-O Ne7 7. Nbd2 h6 {B12: Caro-Kann: Advance Variation} 8. Nb3 Qc7 9. Be3 (9. c3 Bh7 10. Bd3 Bxd3 11. Qxd3 c5 12. Nxc5 Nxc5 13. dxc5 Qxc5 14. Be3 {½-½ (70) Carlsen,M (2832)-So,W (2815) chess.com INT 2017}) 9... g5 10. Ne1 Bg7 11. Nd3 b6 {LiveBook: 12 Games} 12. f4 Ng6 (12... O-O-O $14) 13. Bh5 $146 (13. fxg5 hxg5 14. Bxg5 c5 $15) ({Predecessor:} 13. Bg4 Ne7 14. fxg5 hxg5 15. Bxg5 {1-0 (50) Kosteniuk,A (2554)-Gunina,V (2496) Huaian 2016}) 13... O-O-O 14. g4 (14. Qe2 $16) 14... Bxd3 $1 $14 15. Qxd3 Nxf4 16. Bxf4 gxf4 17. Bxf7 Nxe5 18. Bxe6+ Nd7 19. c4 dxc4 20. Qxc4 Kb8 21. Rac1 Rc8 22. Bf5 Rhg8 23. Rfe1 $36 {[%mdl 2048] Keeping Black busy.} f3 (23... Rge8 $16) 24. Re7 $18 f2+ $2 (24... Qf4 {is a better defense.}) 25. Kg2 Qf4 26. Rxd7 Be5 27. Kf1 ({Less strong is} 27. dxe5 Qxf5 28. Rd4 (28. Rf7 $2 Rxg4+ 29. Kf1 Rg1+ 30. Ke2 Rxc1 $19) 28... Qxe5 $18) 27... Rxg4 28. Bxg4 Qxg4 29. Qf7 {White wants to mate with Rb7+.} Bc7 30. Re7 Qg1+ 31. Ke2 Qxh2 32. Rf1 Qg1 33. Qxf2 Qg4+ 34. Qf3 Qg6 35. Qe4 Qh5+ 36. Kd3 $2 (36. Kd2 $18) 36... Qb5+ $17 37. Kc2 Qc4+ ({Don't do} 37... Qxf1 38. Qxc6 h5 39. Nd2 $17) 38. Kd2 Qxf1 39. Re6 Qf4+ 40. Kd3 Qf1+ (40... Qg3+ $17 41. Qe3 Qg2) 41. Kc3 $2 (41. Kd2 $1 $11 {and White is okay.}) 41... Qh3+ (41... h5 $1 $19 {and Black stays clearly on top.} 42. Nd2 Qc1+ 43. Qc2 Qg1) 42. Kc2 Qh2+ 43. Kb1 Qf4 44. Qd3 Rf8 45. Nc1 Rf6 46. d5 cxd5 47. Re8+ Kb7 48. Qxd5+ Rc6 {[%csl Gc6][%cal Rf4c1]} 49. Nd3 Qc4 (49... Qg5 $15 50. Qf3 Qg6) 50. Qf3 $1 $11 a5 ({Don't go for} 50... Ka6 $2 51. Nb4+ $1 {[%mdl 512]} Qxb4 52. Qxc6 $18) 51. a3 Ka7 52. Ne5 Bxe5 53. Rxe5 {[%mdl 4096] Endgame KQR-KQR} Qc2+ 54. Ka2 Qc4+ 55. Kb1 Rc7 56. Re8 ({Better is} 56. Qe3 $11) 56... Qc1+ 57. Ka2 {[%csl Ge8][%cal Rf3a8]} Qc4+ (57... Qc6 $15 58. Qxc6 Rxc6) 58. Ka1 (58. Kb1 $11 Qc6 59. Qxc6 Rxc6 60. Rh8) 58... Qc6 $15 59. Qh5 Qc1+ 60. Ka2 Qc4+ 61. Ka1 Qc1+ 62. Ka2 Qc4+ 63. Ka1 Qf4 64. Ka2 a4 (64... Rc1 $17 {( -> ...Qc4+)} 65. Qd5 Qc4+ 66. Qxc4 Rxc4) 65. Re1 Qf7+ (65... Qc4+ {looks sharper.} 66. Ka1 Qc6 67. Qh1 Ka6 68. Ka2 Qxh1 69. Rxh1 Rc6) 66. Qxf7 Rxf7 $11 {KR-KR} 67. Rh1 Rf6 68. b3 axb3+ 69. Kxb3 Kb7 70. a4 Kc7 71. Rh5 Rc6 72. Rd5 Rc5 73. Rd1 h5 74. Rd4 Kc6 75. Rd8 $1 Rg5 (75... Re5 {keeps more tension.} 76. Rc8+ Kd6 77. Rh8 Ra5 78. Rh6+ Kc7) 76. Rh8 Rg3+ 77. Kb2 Rh3 78. Rc8+ Kd5 79. a5 bxa5 {Threatens to win with ...h4.} 80. Ra8 $1 Ke4 {...h4 is the strong threat.} 81. Rxa5 h4 {And now ...Rh2+ would win.} 82. Kc2 Rh1 83. Kb2 $2 {[%mdl 8192]} (83. Ra8 $15) 83... Kf3 84. Rf5+ Kg4 85. Rf8 Rd1 86. Rg8+ Kf3 87. Kc2 Rd7 88. Rh8 Kg3 89. Rg8+ Kh2 90. Rh8 h3 91. Rg8 Rd4 92. Rg7 Kh1 (92... Rd6 $142 93. Rg8 Kh1 94. Rg5 h2 95. Rg8 Rf6 96. Kd2 Rf1 97. Ke3 Rg1 98. Rh8 Kg2 99. Rg8+ Kf1 100. Rf8+ Ke1 101. Rb8 Rg3+ 102. Kf4 Rf3+ $1 {[%mdl 512]} 103. Ke5 Rf1 104. Rb1+ Kf2 105. Rb2+ Kg1 106. Rxh2 Kxh2 107. Kd5 Kg3 108. Ke5 Kf3 109. Kd4 Rd1+ 110. Ke5 Rd2 111. Kf6 Kf4 112. Ke6 Rd4 113. Kf6 Re4 114. Kg6 Re6+ 115. Kf7 Kf5 116. Kg7 Re7+ 117. Kf8 Kf6 118. Kg8 Re8+ 119. Kh7 Rb8 120. Kh6 Rh8#) 93. Rg8 h2 (93... Rd6 $142 94. Rg4 h2 95. Rg8 Rd7 96. Rg6 Ra7 97. Kd2 Ra1 98. Ke3 Rg1 99. Rh6 Kg2 100. Rg6+ Kf1 101. Rf6+ Ke1 102. Ra6 Rg3+ 103. Kf4 Rf3+ $1 {[%mdl 512]} 104. Kxf3 h1=Q+ 105. Ke3 Qh3+ 106. Ke4 Qg2+ 107. Kd4 Qd2+ 108. Kc5 Qg5+ 109. Kd4 Qd2+ 110. Kc5 Qg5+ 111. Kc4 Qf4+ 112. Kd5 Qd2+ 113. Kc6 Qg2+ 114. Kc7 Qg7+ 115. Kd8 Qf8+ 116. Kc7 Qf7+ 117. Kd8 Kf2 118. Rd6 Qh7 119. Rf6+ Kg3 120. Ke8 Kh4 121. Kd8 Qg7 122. Re6 Kg5 123. Rd6 Qa7 124. Ke8 Kf5 125. Kd8 Ke5 126. Rh6 Qf7 127. Ra6 Qd5+ 128. Kc7 Qc5+ 129. Kd8 Qc4 130. Rb6 Qd4+ 131. Kc7 Qc5+ 132. Kb7 Kd5 133. Ka6 Qa3+ 134. Kb5 Qe3 135. Rb7 Qb3+ 136. Ka6 Qa4+ 137. Kb6 Kd6 138. Rb8 Qb4+ 139. Ka7 Qa5+ 140. Kb7 Kd7 141. Rh8 Qb5+ 142. Ka7 Qc5+ 143. Kb7 Qd5+ 144. Ka6 Qd3+ 145. Kb7 Qb1+ 146. Ka6 Qa1+ 147. Kb5 Qxh8 148. Kc4 Kc6 149. Kd3 Kd5 150. Ke3 Qf6 151. Kd2 Qd4+ 152. Kc2 Kc4 153. Kb1 Kc3 154. Ka2 Qf2+ 155. Kb1 Qb2#) 94. Rg7 Rf4 95. Kd2 Rf2+ $2 (95... Rf1 $1 {mates} 96. Ke3 Rg1 97. Rf7 Kg2 98. Rg7+ Kf1 99. Rf7+ Ke1 100. Ra7 Rg3+ 101. Kf4 Rf3+ $1 {[%mdl 512]} 102. Ke4 Rh3 103. Ra1+ Ke2 104. Rh1 Kf2 105. Ke5 Kg2 106. Rb1 h1=Q 107. Rxh1 Rxh1 108. Ke4 Rd1 109. Ke3 Kf1 110. Kf3 Rd3+ 111. Kf4 Kf2 112. Ke4 Rd2 113. Kf5 Ke3 114. Ke5 Kf3 115. Kf6 Kf4 116. Ke6 Rd3 117. Kf7 Kf5 118. Ke7 Rd4 119. Kf7 Rd7+ 120. Ke8 Ke6 121. Kf8 Kf6 122. Kg8 Rd8+ 123. Kh7 Rb8 124. Kh6 Rh8#) 96. Ke3 Rf1 {Strongly threatening ...Rg1.} 97. Rh7 Rg1 {White must now prevent ...Kg2.} 98. Kf3 Rf1+ 99. Ke2 Ra1 (99... Rb1 $5 100. Kf2 $8 Rd1 $11) 100. Rg7 $2 {[%mdl 8192] [#]} (100. Kf2 $11) 100... Rg1 $1 101. Rh7 Kg2 {Precision: White = 59%, Black = 41%.} 0-1

[Event "EIWCC 2018"]
[Site "Vysoke Tatry"]
[Date "2018.04.10"]
[Round "3"]
[White "Doluhanova, Evgeniya"]
[Black "Batyte, Daiva"]
[Result "1/2-1/2"]
[WhiteElo "2304"]
[BlackElo "2165"]
[Annotator "NA"]
[PlyCount "73"]
[EventDate "2018.??.??"]
[EventType "swiss"]
[EventCountry "SVK"]
[SourceTitle "playchess.com"]
[Source "ChessBase"]
[SourceQuality "1"]
[TimeControl "40/5400+30:1800+30"]

1. d4 {[%emt 0:00:00]} Nf6 {[%emt 0:00:06]} 2. Bf4 {[%emt 0:00:00]} c5 {[%emt 0:03:15]} 3. e3 {[%emt 0:00:27]} g6 {[%emt 0:04:34]} 4. Nf3 {[%emt 0:01:41]} Bg7 {[%emt 0:02:27]} 5. Be2 {[%emt 0:00:23]} d6 {[%emt 0:03:46]} 6. h3 {[%emt 0:03:44]} Qb6 {[%emt 0:08:38]} 7. b3 {[%emt 0:29:11]} Nc6 {[%emt 0:23:54]} 8. c3 {[%emt 0:04:18]} Nd5 {[%emt 0:09:46]} 9. Bg3 {[%emt 0:02:45]} Qa5 {[%emt 0:04:40]} 10. O-O {[%emt 0:22:00]} cxd4 {[%emt 0:01:05]} 11. cxd4 {[%emt 0:21:22]} O-O {[%emt 0:03:44]} 12. Bc4 {[%emt 0:03:23]} Nb6 {[%emt 0:01:21]} 13. Nbd2 {[%emt 0:01:00]} d5 {[%emt 0:08:08]} 14. Be2 {[%emt 0:00:27]} Nd7 {[%emt 0:00:35]} 15. a3 {[%emt 0:00:38]} a6 {[%emt 0:00:24]} 16. b4 {[%emt 0:00:19]} Qd8 {[%emt 0:01:11]} 17. Rc1 {[%emt 0:00:22]} e5 {[%emt 0:03:18]} 18. dxe5 {[%emt 0:01:17]} Ndxe5 {[%emt 0:00:18]} 19. Nxe5 {[%emt 0:00:06]} Nxe5 {[%emt 0:00:50]} 20. e4 {[%emt 0:05:06]} d4 {[%emt 0:01:31]} 21. f4 {[%emt 0:01:14]} d3 {[%emt 0:01:33]} 22. fxe5 {[%emt 0:00:36]} dxe2 {[%emt 0:00:07]} 23. Qxe2 {[%emt 0:00:02]} Bd7 {[%emt 0:01:13]} 24. Qe3 {[%emt 0:00:35]} Bb5 {[%emt 0:00:56]} 25. Rfd1 {[%emt 0:00:14]} Ba4 {[%emt 0:02:03]} 26. Re1 {[%emt 0:00:25]} Re8 {[%emt 0:00:21]} 27. Nc4 {[%emt 0:00:48]} Re6 {[%emt 0:01:29]} 28. Nb2 {[%emt 0:00:55]} Bc6 {[%emt 0:00:42]} 29. Nd3 {[%emt 0:00:26]} b6 {[%emt 0:00:57]} 30. Red1 {[%emt 0:00:35]} Qe8 {[%emt 0:00:14]} 31. Kh1 {[%emt 0:00:33]} Bb5 {[%emt 0:00:16]} 32. Rc3 {[%emt 0:00:24]} Rd8 {[%emt 0:00:52]} 33. Rdc1 {[%emt 0:00:31]} Bxd3 {[%emt 0:01:43]} 34. Rxd3 {[%emt 0:00:03]} Bxe5 {[%emt 0:00:22]} 35. Bxe5 {[%emt 0:00:52]} Rxe5 {[%emt 0:00:14]} 36. Rxd8 {[%emt 0:00:28]} Qxd8 {[%emt 0:00:03]} 37. Qf4 {[%emt 0:00:47]} 1/2-1/2

[Event "EIWCC 2018"]
[Site "Vysoke Tatry"]
[Date "2018.04.10"]
[Round "3"]
[White "Osmanodja, Filiz"]
[Black "Pogonina, Natalija"]
[Result "1-0"]
[WhiteElo "2300"]
[BlackElo "2474"]
[Annotator "TA"]
[PlyCount "99"]
[EventDate "2018.??.??"]
[EventType "swiss"]
[EventCountry "SVK"]
[SourceTitle "playchess.com"]
[Source "ChessBase"]
[SourceQuality "1"]

{[%evp 25,99,17,24,-30,-35,-31,-40,-41,-38,-18,0,0,3,16,15,23,20,0,0,0,0,0,0,0,0,0,0,0,17,1,13,0,6,0,79,83,104,97,102,98,101,105,116,83,112,99,91,22,19,13,27,18,26,13,51,30,178,127,176,0,217,217,1022,1018,999,956,1007,985,6578,29947,29945,6241,6211,6211,5306,1452]} 1. e4 e5 2. Nf3 Nc6 3. Bb5 a6 4. Ba4 Nf6 5. O-O Be7 6. Re1 b5 7. Bb3 d6 8. c3 O-O 9. h3 Nb8 10. d4 Nbd7 11. Nbd2 c5 12. Nf1 {C95: Closed Ruy Lopez: Breyer Variation with 10 d4} Re8 13. Ng3 Bf8 {LiveBook: 29 Games} 14. Nf5 ({White should try} 14. d5) 14... exd4 $11 15. cxd4 Bb7 {[#]} 16. Ng3 $146 ({Find the theoretical novelty and annotate with similar games:} 16. e5 dxe5 17. dxe5 Bxf3 18. Qxf3 Nxe5 19. Rxe5 Rxe5 {½-½ (37) Navara,D (2737)-Ponomariov,R (2709) Czech Republic 2017}) 16... cxd4 17. Qxd4 Nc5 18. Bg5 Nxb3 19. axb3 Re6 20. Nh5 Be7 21. Nf4 Rxe4 22. Rxe4 Nxe4 23. Bxe7 Qxe7 24. Nd5 Bxd5 $1 25. Qxd5 Rc8 26. Rxa6 $40 {[%mdl 128] Black needs to defend precisely.} h6 {Strongly threatening ...Rc1+.} 27. Ra8 Rxa8 28. Qxa8+ Kh7 29. Qc6 b4 (29... Ng5 $11) 30. Qb5 $16 Nc5 31. Qxb4 Qe6 32. Nd4 Qe4 {Threatens to win with ...Ne6.} 33. Qd2 Nd3 34. Qe3 (34. Nb5 {NOTEXT} Qd5 35. Nc3 Qf5 36. Qe2 Nc1 37. Qe4) 34... Qg6 35. f4 {aiming for f5.} Nb4 36. f5 (36. Qd2 $16 Nd5 37. Nb5) 36... Qf6 $11 37. Qd2 Nd5 38. b4 Qe5 39. b5 Qe4 40. b3 Nf4 (40... Kh8 $11) 41. Nf3 ({White should play} 41. b6 $18) 41... Qxf5 {[#]} 42. b6 $2 ({Not} 42. Qxd6 Nxh3+ 43. gxh3 Qxf3 $11) (42. Kh2 $1 $18) 42... Qc5+ $2 (42... Nxh3+ $1 $11 43. Kh2 (43. gxh3 Qxf3 44. Qxd6 f5 $11) 43... Ng5) 43. Kh2 $18 g5 $2 (43... Qxb6 44. Qxf4 Qxb3 45. Qxd6 f6) 44. b7 Qb6 45. Qc2+ Kg7 46. Qc3+ f6 47. Qc8 Qf2 {[#]} 48. Qd7+ (48. Nh4 $142 $1 {[%mdl 512]} gxh4 (48... Qxh4 49. b8=Q) 49. Qg4+ Kf7 50. b8=Q Qg3+ 51. Qxg3 hxg3+ 52. Kxg3 Nh5+ 53. Kf2) 48... Kg6 {[#]} 49. Nh4+ $1 {[%mdl 512]} gxh4 (49... Qxh4 50. b8=Q) 50. Qg4+ {Precision: White = 59%, Black = 51%.} 1-0

[Event "EIWCC 2018"]
[Site "Vysoke Tatry"]
[Date "2018.04.10"]
[Round "3"]
[White "Worek, Joanna"]
[Black "Socko, Monika"]
[Result "0-1"]
[WhiteElo "2295"]
[BlackElo "2471"]
[Annotator "TA"]
[PlyCount "124"]
[EventDate "2018.??.??"]
[EventType "swiss"]
[EventCountry "SVK"]
[SourceTitle "playchess.com"]
[Source "ChessBase"]
[SourceQuality "1"]

{[%evp 15,124,0,0,0,0,0,0,0,0,0,0,0,35,44,40,40,51,47,44,39,61,61,62,71,71,66,64,64,74,67,55,54,68,52,181,164,170,148,154,0,75,0,0,0,0,0,0,0,0,0,0,-124,-116,-123,-119,-123,-73,-66,-78,-53,-14,-73,-67,-82,-78,-124,-127,-92,-81,-128,-128,-206,-208,-216,-221,-220,-213,-216,-215,-192,0,0,0,-75,-72,-158,-37,-250,-243,-428,-68,-102,-112,-101,-49,-106,-68,-68,-68,-685,-750,-733,-698,-5857,-5509,-6203,-5126,-29984,-29985,-29985,-29986]} 1. e4 c6 2. d4 d5 3. e5 Bf5 4. h4 h6 5. g4 Bd7 6. h5 c5 {B12: Caro-Kann: Advance Variation} 7. c3 Nc6 8. Na3 Qa5 {LiveBook: 3 Games. The position is equal.} 9. Bd2 e6 $146 ({Predecessor:} 9... Qb6 10. dxc5 Qxb2 11. Nb5 Rc8 12. Rb1 Qxa2 13. Ra1 Qb2 14. e6 Bxe6 {½-½ (27) Nevednichy,V (2535)-Suciu,D (2185) Calimanesti 1997}) 10. Nc2 Qb6 {[%cal Rc5d4]} 11. Nf3 Rc8 12. Be2 cxd4 13. cxd4 Na5 14. b3 Bb5 15. Rc1 Ne7 16. Bxb5+ Qxb5 17. Qe2 Qxe2+ 18. Kxe2 Nec6 19. Nfe1 Kd7 20. Nd3 b6 21. f4 Nb7 22. Rhf1 Be7 23. b4 a6 24. f5 Bg5 ({Better is} 24... Nbd8 $14) 25. fxe6+ Kxe6 26. Bxg5 hxg5 27. Rf5 $2 (27. Kd2 $16) 27... f6 (27... Rxh5 $1 $11 28. Rxf7 Kxf7 29. gxh5 Nbd8) 28. exf6 (28. Rff1 $16) 28... gxf6 $11 29. Rcf1 Rhf8 {aiming for ...Ne7.} 30. Kd1 Nd6 31. Re1+ Kd7 32. Rf3 Nb5 33. Nc1 (33. Ref1 $11) 33... Ncxd4 $17 34. Nxd4 Nxd4 35. Rfe3 Rce8 36. Kd2 Rxe3 37. Rxe3 $15 {[%mdl 4096] Endgame KRN-KRN} Rc8 38. Rh3 (38. Ra3 $11) 38... Ke6 39. Re3+ Kd6 40. Rh3 Nc6 41. Nd3 Ne5 42. Nf2 Ke6 43. Kd1 (43. Rh1 $17) 43... f5 $19 44. gxf5+ Kxf5 45. h6 Rh8 $1 46. Ke2 d4 47. h7 g4 $2 (47... Kg6 $19 48. Nd3 Nd7) 48. Rh5+ $11 Kf4 49. Rh6 (49. Nd3+ $11 {keeps the balance.} Nxd3 50. Kxd3) 49... Kg5 $17 50. Re6 {[#]} (50. Rh1 $142) 50... Kf5 (50... Ng6 $1 $17 {[%cal Rg6f4]} 51. Rxb6 Nf4+ 52. Kf1 Rxh7 53. Rxa6 Rc7 54. Ne4+ Kf5 55. Ng3+ Ke5) 51. Re7 $2 (51. Rh6 $15) 51... g3 $19 52. Nh3 $2 (52. Nd1 {was the only defense.}) 52... Ng6 $2 (52... d3+ $19 53. Kd2 Rd8) 53. Rf7+ Kg4 54. Ng1 Nf4+ 55. Kd2 (55. Kf1 $1 $15) 55... Ne6 {White must now prevent ...Ng5.} 56. Ne2 Ng5 57. Rd7 $2 {[%mdl 8192] [#]} (57. Rf4+ $15 Kh3 58. Rf5 Nxh7 59. a4) 57... Nf3+ $1 58. Kd1 g2 59. a4 {[#]} d3 $1 {[%mdl 512]} 60. Rxd3 Rxh7 61. Rd6 Rh1+ 62. Kc2 Re1 {Precision: White = 43%, Black = 52%.} 0-1

[Event "EIWCC 2018"]
[Site "Vysoke Tatry"]
[Date "2018.04.10"]
[Round "3"]
[White "Injac, Teodora"]
[Black "Petrenko, Svetlana"]
[Result "1/2-1/2"]
[WhiteElo "2290"]
[BlackElo "2178"]
[Annotator "TA"]
[PlyCount "103"]
[EventDate "2018.??.??"]
[EventType "swiss"]
[EventCountry "SVK"]
[SourceTitle "playchess.com"]
[Source "ChessBase"]
[SourceQuality "1"]

{[%evp 16,103,43,31,44,24,24,11,34,41,36,10,14,-1,46,39,40,18,22,18,43,40,69,58,93,45,120,141,128,142,175,129,125,127,125,73,72,35,112,101,158,4,4,4,4,4,4,4,4,0,1,0,8,4,19,0,21,21,21,0,0,5,6,5,17,10,702,660,697,273,235,211,197,96,89,62,70,62,62,0,0,0,0,0,0,0,0,0,0,0]} 1. d4 d5 2. c4 c6 3. Nf3 Nf6 4. e3 g6 5. Nc3 Bg7 6. Be2 O-O 7. O-O Ne4 8. Qc2 {D94: Grünfeld: 4 Nf3 Bg7 5 e3} Nxc3 9. bxc3 {LiveBook: 3 Games} b6 10. a4 {White is slightly better.} Ba6 $146 ({Predecessor:} 10... dxc4 11. Bxc4 Ba6 12. Bxa6 Nxa6 13. Qe4 c5 14. a5 cxd4 15. exd4 b5 {½-½ (27) Gulko,B (2565)-Ljubojevic,L (2600) Reykjavik 1991}) 11. cxd5 Bxe2 12. Qxe2 cxd5 13. a5 Nc6 14. axb6 Qxb6 15. Ra6 Qb7 16. Ba3 Rfc8 17. Bc5 Rc7 18. Rfa1 Rb8 19. h4 Bf8 20. h5 e6 (20... Qb2 $14 21. Qe1 Qc2) 21. Bxf8 $16 Rxf8 22. e4 dxe4 23. Qxe4 Qb5 24. Qf4 Rfc8 {[#]} 25. hxg6 (25. h6 $142 $1 {Qf6 is the strong threat.} Qf5 26. Qh4) 25... hxg6 26. Ng5 {aiming for Qh4.} Qf5 (26... Kg7 $1 $14) 27. Qh4 f6 (27... Kg7 $142) 28. Rxc6 $2 (28. Ne4 $16) 28... fxg5 $11 29. Rxc7 Rxc7 $16 {[%mdl 4096] Endgame KQR-KQR} 30. Qg3 Qf4 31. Qd3 Qf5 32. Qg3 Qf4 33. Qd3 Qf5 34. Qe3 g4 35. Re1 Rf7 36. c4 $36 {[%mdl 2048] White wants to play c5. White has good play.} a5 37. c5 a4 $1 38. Rf1 g5 39. c6 Rc7 $1 40. Rc1 Kh8 $2 {[%mdl 8192] [#]} (40... Kf7 $11) 41. g3 $1 $18 Qf6 42. Rc4 $2 (42. Rc5 Rc8 43. c7) 42... Kg7 43. Rc5 ({Don't take} 43. Rxa4 $6 Rxc6 44. Ra5 Kh6 $16) 43... Kh6 44. Qe4 (44. Qc1 $18 {has better winning chances.}) 44... a3 $16 45. Re5 a2 46. Ra5 Qg6 47. Qxg6+ ({Better is} 47. Qxg4 $14 Rxc6 48. Qh3+ Qh5 49. Qxh5+ Kxh5 50. Rxa2) 47... Kxg6 $11 {The position is equal.} 48. Rxa2 {Threatens to win with Rc2.} Rxc6 49. Re2 Kf5 50. Re5+ Kf6 51. Re4 Kf5 52. Re5+ {Precision: White = 36%, Black = 52%.} 1/2-1/2

[Event "EIWCC 2018"]
[Site "Vysoke Tatry"]
[Date "2018.04.10"]
[Round "3"]
[White "Martynkova, Olena"]
[Black "Kusenkova, Natallia"]
[Result "0-1"]
[WhiteElo "2280"]
[BlackElo "2134"]
[Annotator "RC"]
[PlyCount "146"]
[EventDate "2018.??.??"]
[EventType "swiss"]
[EventCountry "SVK"]
[SourceTitle "playchess.com"]
[Source "ChessBase"]
[SourceQuality "1"]
[TimeControl "40/5400+30:1800+30"]

1. d4 {[%emt 0:00:00]} d5 {[%emt 0:00:07]} 2. Nf3 {[%emt 0:01:01]} Nf6 {[%emt 0:00:12]} 3. c4 {[%emt 0:00:34]} e6 {[%emt 0:00:12]} 4. g3 {[%emt 0:00:36]} Be7 {[%emt 0:00:29]} 5. Bg2 {[%emt 0:00:47]} O-O {[%emt 0:00:24]} 6. O-O {[%emt 0:00:28]} dxc4 {[%emt 0:00:23]} 7. Qc2 {[%emt 0:01:48]} a6 {[%emt 0:00:17]} 8. a4 {[%emt 0:00:47]} Bd7 {[%emt 0:00:26]} 9. Qxc4 {[%emt 0:04:46]} Bc6 {[%emt 0:00:22]} 10. Bg5 {[%emt 0:01:07]} Bd5 {[%emt 0:00:55]} 11. Qd3 {[%emt 0:02:00]} Be4 {[%emt 0:00:47]} 12. Qe3 {[%emt 0:05:06]} Bc6 {[%emt 0:00:52]} 13. Nc3 {[%emt 0:10:19]} Nbd7 {[%emt 0:00:32]} 14. Qd3 {[%emt 0:04:00]} Bb4 {[%emt 0:01:41]} 15. Rfe1 {[%emt 0:06:14]} h6 {[%emt 0:07:56]} 16. Bxf6 {[%emt 0:03:18]} Nxf6 {[%emt 0:00:21]} 17. e4 {[%emt 0:01:22]} b6 {[%emt 0:14:22]} 18. Ne5 {[%emt 0:07:37]} Bb7 {[%emt 0:00:27]} 19. Qc4 {[%emt 0:08:25]} c5 {[%emt 0:12:19]} 20. Rad1 {[%emt 0:04:57]} Qb8 {[%emt 0:11:55]} 21. Nd3 {[%emt 0:08:58]} cxd4 {[%emt 0:15:45]} 22. Nxb4 {[%emt 0:02:44]} dxc3 {[%emt 0:00:09]} 23. Qxc3 {[%emt 0:00:27]} Rc8 {[%emt 0:05:49]} 24. Qd4 {[%emt 0:03:21]} a5 {[%emt 0:02:45]} 25. Nd3 {[%emt 0:10:57]} Bc6 {[%emt 0:00:40]} 26. b3 {[%emt 0:03:52]} Rd8 {[%emt 0:02:17]} 27. Qc3 {[%emt 0:00:47]} Qb7 {[%emt 0:01:35]} 28. f3 {[%emt 0:04:35]} Rac8 {[%emt 0:00:13]} 29. Qb2 {[%emt 0:00:53]} b5 {[%emt 0:02:23]} 30. Nc5 {[%emt 0:01:18]} Qb6 {[%emt 0:01:23]} 31. Rxd8+ {[%emt 0:01:31]} Rxd8 {[%emt 0:00:48]} 32. Qf2 {[%emt 0:00:03]} bxa4 {[%emt 0:05:37]} 33. bxa4 {[%emt 0:00:39]} Qb4 {[%emt 0:00:48]} 34. Qe3 {[%emt 0:00:57]} Bxa4 {[%emt 0:03:25]} 35. Nxa4 {[%emt 0:00:32]} Qxa4 {[%emt 0:00:10]} 36. Qc3 {[%emt 0:00:37]} Qb5 {[%emt 0:03:58]} 37. Bf1 {[%emt 0:00:28]} Qb6+ {[%emt 0:00:36]} 38. Qe3 {[%emt 0:00:32]} Qb4 {[%emt 0:01:39]} 39. Rc1 {[%emt 0:00:27]} a4 {[%emt 0:03:18]} 40. Rc4 {[%emt 0:00:00]} Qa5 {[%emt 0:00:16]} 41. Rc5 {[%emt 0:06:22]} Qb6 {[%emt 0:04:13]} 42. Rc3 {[%emt 0:07:01]} Qxe3+ {[%emt 0:10:57]} 43. Rxe3 {[%emt 0:00:06]} Ra8 {[%emt 0:00:20]} 44. Ra3 {[%emt 0:02:37]} Nd7 {[%emt 0:00:38]} 45. Kf2 {[%emt 0:01:05]} Kf8 {[%emt 0:03:06]} 46. Ke3 {[%emt 0:01:36]} Ke7 {[%emt 0:00:55]} 47. Bb5 {[%emt 0:04:48]} Ra5 {[%emt 0:02:01]} 48. Bc4 {[%emt 0:04:09]} Kd6 {[%emt 0:03:40]} 49. Kd4 {[%emt 0:00:43]} Ne5 {[%emt 0:03:14]} 50. Be2 {[%emt 0:04:07]} Nc6+ {[%emt 0:00:07]} 51. Kc4 {[%emt 0:00:36]} Rc5+ {[%emt 0:01:06]} 52. Kd3 {[%emt 0:00:01]} Nb4+ {[%emt 0:00:46]} 53. Kd2 {[%emt 0:00:05]} Rc2+ {[%emt 0:01:44]} 54. Ke3 {[%emt 0:00:48]} Ra2 {[%emt 0:00:41]} 55. Rxa2 {[%emt 0:00:56]} Nxa2 {[%emt 0:00:05]} 56. Kd4 {[%emt 0:00:53]} Nc1 {[%emt 0:05:18]} 57. Bb5 {[%emt 0:01:39]} e5+ {[%emt 0:00:52]} 58. Kc3 {[%emt 0:00:28]} a3 {[%emt 0:00:25]} 59. Bc4 {[%emt 0:01:21]} f6 {[%emt 0:00:20]} 60. Kc2 {[%emt 0:01:12]} Kc5 {[%emt 0:00:47]} 61. Be6 {[%emt 0:00:29]} a2 {[%emt 0:00:15]} 62. Kb2 {[%emt 0:00:06]} Kd4 {[%emt 0:00:17]} 63. h4 {[%emt 0:00:51]} Ke3 {[%emt 0:00:20]} 64. Bg4 {[%emt 0:00:33]} Kf2 {[%emt 0:00:38]} 65. h5 {[%emt 0:00:29]} Kxg3 {[%emt 0:00:15]} 66. Ka1 {[%emt 0:00:13]} Kh4 {[%emt 0:00:19]} 67. Kb2 {[%emt 0:00:31]} Kg5 {[%emt 0:00:07]} 68. Ka1 {[%emt 0:00:08]} g6 {[%emt 0:01:13]} 69. hxg6 {[%emt 0:00:27]} Kxg6 {[%emt 0:00:05]} 70. Kb2 {[%emt 0:00:20]} Kg5 {[%emt 0:00:18]} 71. Ka1 {[%emt 0:00:07]} h5 {[%emt 0:00:34]} 72. Bh3 {[%emt 0:00:03]} Kf4 {[%emt 0:00:12]} 73. Bg2 {[%emt 0:00:09]} Kg3 {[%emt 0:00:12]} 0-1